|
|
|
|
| LEADER |
00619nab a2200169 i 4500 |
| 001 |
tort177 |
| 005 |
20220512080111.0 |
| 008 |
220512s2022 hu o 0|| zxx d |
| 040 |
|
|
|a PEREPO TORTENET
|b hun
|
| 041 |
|
|
|a zxx
|
| 245 |
0 |
0 |
|a Műszaki ügyvivő-szakértő
|h [elektronikus dokumentum]
|
| 260 |
|
|
|c 2022-02-11
|
| 490 |
0 |
|
|a Zala Média
|
| 695 |
|
|
|a Pannon Egyetem Zalaegerszegi Egyetemi Központ - PE ZEK
|
| 695 |
|
|
|a álláshirdetés
|
| 695 |
|
|
|a hirdetés
|
| 856 |
4 |
0 |
|u https://perepo-tortenet.uni-pannon.hu/id/eprint/177/1/2022-02-11_zala_m%C3%A9dia_M%C5%B1szaki%20%C3%BCgyviv%C5%91-szak%C3%A9rt%C5%91.pdf
|z Dokumentum-elérés
|